| 000 | 00512nam a2200217Ia 4500 | ||
|---|---|---|---|
| 003 | GCL | ||
| 008 | 140319s9999 xx 000 0 eng d | ||
| 040 |
_aGCL / _cGCL |
||
| 082 | 0 | 4 |
_a690 _bH T |
| 100 | 1 | _aHINKS, JOHN | |
| 245 | 1 | 0 |
_aTHE TECHNOLOGY OF BUILDING DEFECTS / _cHINKS, JOHN |
| 700 | 1 | _aCOOK, GEOFF | |
| 260 |
_a[S.N] : _bE & FN SPON ، _c1997 |
||
| 300 | _a361 P | ||
| 650 | 0 | 4 | _aTECHNOLOGY |
| 650 | 0 | 4 | _aROCKS |
| 650 | 0 | 4 | _aBUILDING |
| 650 | 0 | 4 | _aFLOORS |
| 650 | 0 | 4 | _aWALL |
| 942 |
_2ddc _cBK |
||
| 999 |
_c16009 _d16009 |
||